Wird geladen...
Kavya memasa
| 1. Verfasser: | |
|---|---|
| Format: | Printed Book |
| Sprache: | Malayalam |
| Veröffentlicht: |
Oriental institute
Oriental institute
1964
|
| LEADER | 00396nam a2200121Ia 4500 | ||
|---|---|---|---|
| 008 | 111205s9999 xx 000 0 mal d | ||
| 100 | |a Rajasekhar | ||
| 245 | |a Kavya memasa |c Rajasekhar | ||
| 260 | |b Oriental institute |a Oriental institute |c 1964 | ||
| 300 | |a 0 | ||
| 942 | |c BK | ||
| 999 | |c 218011 |d 218011 | ||
| 952 | |0 0 |1 0 |4 0 |7 0 |9 240928 |a MAL |b MAL |c ST1 |d 2006-09-22 |g 0.00 |l 0 |p MAL4339 |r 2015-04-13 |v 0.00 |w 2015-04-13 |y BK |k 1.00 | ||